Statistiques concernant Culture Générale - Série 2355

Cliquez ici pour prendre le quiz!

Statistiques générales

  • Ce quiz a été pris 129 fois
  • Le résultat moyen est 5 sur 10

Statistiques - réponses

QuestionRéponse% Correct
Comment appelle-t-on une peinture à l'eau sur papier ? 9 lettres commençant par " a " voir photoaquarelle
95%
Quel fruit mangez-vous en dégustant une gala ?pomme
94%
Modeste offrande, petite contribution en argent - 5 lettres - la 3° lettre est un " o "obole
61%
Quelle est la capitale du Rwanda ?Kigali
59%
Qui a écrit "Thérèse Raquin" en 1867 ? prénom et nomEmile Zola
52%
Calendrier dont on détache chaque jour une pageéphéméride
47%
Quel acteur prénommé Gilles est " James" dans le film "Le sens de la fête" réalisé en 2017 par Olivier Nakache et Éric Toledano ? prénom et nomGilles Lellouche
43%
Qui a écrit "Thérèse Desqueyroux" en 1927 ? prénom et nomFrançois Mauriac
31%
Qui a écrit "La symphonie pastorale" en 1919 ? prénom et nomAndré Gide
30%
Chambre ou maison sale et sans confort (familier) - 5 lettres commençant par " t "turne
23%

Distribution des résultats

Percentile par nombre de réponses

% des personnes avec chaque résultat

Votre développement - résultats

Vous n’avez pas pris ce quiz